Development of Trust Marketing in the Digital Society
Rozvoj digitálnej spoločnosti ovplyvňujúci správanie spotrebiteľov. Význam dôvery spotrebiteľov k rozvoju podnikania dôvera: dôvera vo webové stránky, informácie a značky zastúpené na internete. Dôvera spotrebiteľov v digitálne prostredie a koncepčné aspekty rozvoja marketingu dôvery vo vzťahu k int...
Saved in:
| Main Author: | |
|---|---|
| Other Authors: | , , |
| Format: | Book Chapter |
| Language: | English |
| Subjects: | |
| Tags: |
No Tags, Be the first to tag this record!
|
MARC
| LEADER | 00000naa a2200000 4500 | ||
|---|---|---|---|
| 001 | 0259091 | ||
| 005 | 20191021150821.8 | ||
| 041 | 0 | |a eng | |
| 044 | |a UA | ||
| 245 | 1 | 0 | |a Development of Trust Marketing in the Digital Society |c Nadezhda Popova, Andrei Kataiev, Ruslan Skrynkovskyy, Anna Nevertii |
| 520 | |a Rozvoj digitálnej spoločnosti ovplyvňujúci správanie spotrebiteľov. Význam dôvery spotrebiteľov k rozvoju podnikania dôvera: dôvera vo webové stránky, informácie a značky zastúpené na internete. Dôvera spotrebiteľov v digitálne prostredie a koncepčné aspekty rozvoja marketingu dôvery vo vzťahu k interakcii, komunikácii, spotrebiteľským hodnotám a vývojovým štádiám. | ||
| 610 | 2 | 0 | |a spoločnosť |
| 610 | 2 | 0 | |a správanie spotrebiteľa |
| 610 | 2 | 0 | |a spotrebitelia |
| 610 | 2 | 0 | |a marketing |
| 610 | 2 | 0 | |a technológie nové |
| 610 | 2 | 0 | |a digitalizácia |
| 100 | 1 | |a Popova, Nadezhda | |
| 700 | 1 | |a Kataiev, Andrei | |
| 700 | 1 | |a Skrynkovskyy, Ruslan | |
| 700 | 1 | |a Nevertii, Anna | |